| 000 | 00886nam a2200265 i 4500 | ||
|---|---|---|---|
| 003 | DO-SdBNP | ||
| 005 | 20240322093514.0 | ||
| 007 | ta | ||
| 008 | 091207s200- dr 000 0 spa d | ||
| 040 |
_aDO-SdBNP _bspa _cBNPHU _erda |
||
| 082 |
_bR426L _222 |
||
| 240 | 0 | 0 | _a[ Leyes, etc.] |
| 245 | 0 | 0 |
_aResolución No. 59-2007 : _breglamento general de mensuras y catastro / |
| 246 | 0 |
_aLey No. 59-07 : _breglamento general de mensuras y catastro / |
|
| 264 |
_aMoca, República Dominicana : _bDalis, _c[200-]. |
||
| 300 |
_a108 páginas _c21 cm. |
||
| 336 |
_2rdacontent _atexto _btxt |
||
| 337 |
_2rdamedia _asin mediación _bn |
||
| 338 |
_2rdacarrier _avolumen _bnc |
||
| 590 | _aInventariado, 2024/ YL | ||
| 650 | 4 |
_aSalud pública _xLegislación _zRepública Dominicana _916564 |
|
| 651 | 4 |
_aRepública Dominicana _xLey No. 42-01 _932031 |
|
| 910 | _aYLockward | ||
| 942 |
_2ddc _cLBS1 |
||
| 999 |
_c56178 _d56178 |
||